[Event "AUT-ch U10"]
[Site "St Veit"]
[Date "2016.05.27"]
[Round "3.5"]
[White "Woschitz, Thomas"]
[Black "Graf, Simon"]
[Result "0-1"]
[WhiteElo "1128"]
[BlackElo "1581"]
[PlyCount "56"]
[EventDate "2016.05.27"]
[EventType "swiss"]
[EventRounds "7"]
[EventCountry "AUT"]
[SourceTitle "EXT 2024"]
[Source "ChessBase"]
[SourceDate "2023.10.10"]
[SourceVersion "1"]
[SourceVersionDate "2023.10.10"]
[SourceQuality "1"]

1. e4 e5 2. Nf3 Nc6 3. Bc4 Nf6 4. Ng5 d5 5. exd5 Na5 6. Bb5+ c6 7. dxc6 bxc6 8. Ba4 h6 9. Nf3 Bc5 10. Nxe5 Qd4 11. Qe2 Qxa4 12. Nxc6+ Be6 13. Nxa5 Qxa5 14. c3 Qc7 15. d4 Bd6 16. Be3 Rb8 17. b3 0-0 18. c4 Rfe8 19. Nc3 Bb4 20. Bd2 Bg4 21. Qxe8+ Rxe8+ 22. Kf1 Bxc3 23. Bxc3 Ne4 24. Bb4 Qb6 25. Re1 Qxb4 26. Rxe4 Rxe4 27. g3 Bh3+ 28. Kg1 Re1# 0-1

[Event "Styrian op U08/10 22nd"]
[Site "Mureck"]
[Date "2015.08.10"]
[Round "6"]
[White "Woschitz, Thomas"]
[Black "Engelmaier, Andrej"]
[Result "1-0"]
[WhiteElo "1152"]
[BlackElo "845"]
[PlyCount "41"]
[EventDate "2015.08.05"]
[EventType "swiss"]
[EventRounds "9"]
[EventCountry "AUT"]
[SourceTitle "EXT 2017"]
[Source "ChessBase"]
[SourceDate "2016.10.25"]
[SourceVersion "1"]
[SourceVersionDate "2016.10.25"]
[SourceQuality "1"]

1. e4 e5 2. Nf3 Nc6 3. Bc4 Bc5 4. c3 d6 5. h3 Nf6 6. d4 d5 7. exd5 Na5 8. dxc5 Nxc4 9. Qa4+ Qd7 10. Qxc4 Qxd5 11. Qxd5 Nxd5 12. Nxe5 Nf4 13. 0-0 0-0 14. Bxf4 b6 15. cxb6 axb6 16. c4 Ba6 17. Nc3 h6 18. b4 Rab8 19. b5 Bb7 20. Nd7 Bxg2 21. Kxg2 1-0

[Event "EU Union-ch U09 12th"]
[Site "Mureck"]
[Date "2014.08.06"]
[Round "8"]
[White "Woschitz, Thomas"]
[Black "Schulze, Lukas"]
[Result "1-0"]
[WhiteElo "954"]
[BlackElo "1243"]
[PlyCount "103"]
[EventDate "2014.07.30"]
[EventType "swiss"]
[EventRounds "9"]
[EventCountry "AUT"]
[SourceTitle "CBM 161 Extra"]
[Source "ChessBase"]
[SourceDate "2014.08.29"]
[SourceVersion "1"]
[SourceVersionDate "2014.08.29"]
[SourceQuality "1"]

1. e4 c5 2. c3 d5 3. exd5 Qxd5 4. d4 Nf6 5. Nf3 Bg4 6. Be2 Nc6 7. 0-0 cxd4 8. cxd4 Bxf3 9. Bxf3 Qxd4 10. Bxc6+ Qd7 11. Bxd7+ Nxd7 12. Qd2 e5 13. Rd1 Rd8 14. b3 Be7 15. Bb2 Nf6 16. Qe2 Ne4 17. Rxd8+ Bxd8 18. Qxe4 0-0 19. Bxe5 Re8 20. Nc3 Bf6 21. Rd1 g6 22. Rd6 Rxe5 23. Qxe5 Bxe5 24. Rd8+ Kg7 25. Nb5 Bf6 26. Rd7 a6 27. Rxb7 axb5 28. Rxb5 Be7 29. a4 Bd8 30. a5 Bxa5 31. Rxa5 Kf6 32. b4 Ke7 33. b5 Kd8 34. b6 Kc8 35. Rb5 Kb7 36. Rb1 f6 37. g4 f5 38. gxf5 gxf5 39. Kg2 h6 40. Kg3 h5 41. Kh4 f4 42. Kxh5 f3 43. Kg4 Ka8 44. h4 Kb7 45. h5 Kc8 46. Rd1 Kb7 47. h6 Kxb6 48. h7 Kc5 49. h8Q Kc4 50. Qc8+ Kb3 51. Rb1+ Ka2 52. Qb8 1-0

[Event "AUT-ch U08"]
[Site "Velden"]
[Date "2014.06.21"]
[Round "5"]
[White "Unterrieder, Romano"]
[Black "Woschitz, Thomas"]
[Result "0-1"]
[WhiteElo "881"]
[BlackElo "872"]
[PlyCount "54"]
[EventDate "2014.06.20"]
[EventType "swiss"]
[EventRounds "7"]
[EventCountry "AUT"]
[SourceTitle "EXT 2016"]
[Source "ChessBase"]
[SourceDate "2015.10.08"]
[SourceVersion "1"]
[SourceVersionDate "2015.10.08"]
[SourceQuality "1"]

1. e4 e5 2. Nf3 Nc6 3. Bb5 a6 4. Bxc6 dxc6 5. Nxe5 Qd4 6. Nf3 Qxe4+ 7. Kf1 Qe6 8. Ng5 Qd7 9. Nh3 Bd6 10. d3 Nf6 11. Bg5 Be7 12. f4 Nd5 13. Nf2 Bxg5 14. fxg5 0-0 15. Qe1 Re8 16. Qd1 Nf4 17. Nc3 b5 18. Qe1 Rxe1+ 19. Kxe1 Qe7+ 20. Kf1 b4 21. Nce4 Bf5 22. c3 bxc3 23. bxc3 Bxe4 24. dxe4 Qe5 25. Ke1 Qxc3+ 26. Kd1 Qxa1+ 27. Kd2 Qxh1 0-1